The Norton anthology of world literature / (Record no. 16738)
[ view plain ]
| 000 -LEADER | |
|---|---|
| fixed length control field | 01926cam a22003975i 4500 |
| 001 - CONTROL NUMBER | |
| control field | 12358007 |
| 003 - CONTROL NUMBER IDENTIFIER | |
| control field | EG-ScBUE |
| 005 - DATE AND TIME OF LATEST TRANSACTION | |
| control field | 20200112132816.0 |
| 008 - FIXED-LENGTH DATA ELEMENTS--GENERAL INFORMATION | |
| fixed length control field | 010326t2002 nyua f b 001 0 eng d |
| 020 ## - INTERNATIONAL STANDARD BOOK NUMBER | |
| International Standard Book Number | 0393924556 |
| 020 ## - INTERNATIONAL STANDARD BOOK NUMBER | |
| International Standard Book Number | 9780393924558 |
| 020 ## - INTERNATIONAL STANDARD BOOK NUMBER | |
| International Standard Book Number | 9780393924565 (Volume E) |
| 020 ## - INTERNATIONAL STANDARD BOOK NUMBER | |
| International Standard Book Number | 9780393924572 (Volume F) |
| 020 ## - INTERNATIONAL STANDARD BOOK NUMBER | |
| International Standard Book Number | 03939924572 (Volume F) |
| 040 ## - CATALOGING SOURCE | |
| Original cataloging agency | EG-ScBUE |
| Language of cataloging | eng |
| Description conventions | rda |
| Transcribing agency | EG-ScBUE |
| Modifying agency | EG-ScBUE |
| 082 04 - DEWEY DECIMAL CLASSIFICATION NUMBER | |
| Classification number | 808.8 |
| Item number | NOR |
| Edition number | 22 |
| 245 04 - TITLE STATEMENT | |
| Title | The Norton anthology of world literature / |
| Statement of responsibility, etc | Sarah Lawall, general editor, professor of comparative literayure and adjunct professor of French, University of Massachusetis, Amherst, Maynard Mack, general editor emeritus, Late of Yale University. |
| 250 ## - EDITION STATEMENT | |
| Edition statement | Second edition. |
| 264 #1 - PUBLICATION, DISTRIBUTION, ETC. (IMPRINT) | |
| Place of publication, distribution, etc | New York ; |
| -- | London : |
| Name of publisher, distributor, etc | W. W. Norton and Company, |
| Date of publication, distribution, etc | [2002] |
| 264 #4 - PUBLICATION, DISTRIBUTION, ETC. (IMPRINT) | |
| Date of publication, distribution, etc | c 2002 |
| 300 ## - PHYSICAL DESCRIPTION | |
| Extent | 6 volumes : |
| Other physical details | illustrations ; |
| Dimensions | 24 cm |
| 336 ## - CONTENT TYPE | |
| Source | rdacontent |
| Content type term | text |
| Content type code | txt |
| 337 ## - MEDIA TYPE | |
| Source | rdamedia |
| Media type term | unmediated |
| Media type code | n |
| 338 ## - CARRIER TYPE | |
| Source | rdacarrier |
| Carrier type term | volume |
| Carrier type code | nc |
| 504 ## - BIBLIOGRAPHY, ETC. NOTE | |
| Bibliography, etc | Includes bibliographical references and index. |
| 505 0# - FORMATTED CONTENTS NOTE | |
| Formatted contents note | Volume A. Beginnings to A.D. 100 -- Volume B. 100-1500 -- Volume C. 1500-1650 -- Volume D. 1650-1800 -- Volume E. 1800-1900 -- Volume F. The twentieth century. |
| 590 ## - LOCAL NOTE (RLIN) | |
| Local note | LC copy of vol. A, C, and F: Instructor's desk copy. |
| 590 ## - LOCAL NOTE (RLIN) | |
| Local note | rana gobara |
| 650 #7 - SUBJECT ADDED ENTRY--TOPICAL TERM | |
| Topical term or geographic name as entry element | Literature |
| Form subdivision | Collections |
| Source of heading or term | BUEsh |
| 9 (RLIN) | 29960 |
| 653 ## - INDEX TERM--UNCONTROLLED | |
| Resource For college | Humanities: English |
| Arrived date list | July2019 |
| 655 ## - INDEX TERM--GENRE/FORM | |
| Form subdivision | Reading book |
| 700 1# - ADDED ENTRY--PERSONAL NAME | |
| Personal name | Lawall, Sarah N, |
| Relator term | editor. |
| 9 (RLIN) | 29961 |
| 700 1# - ADDED ENTRY--PERSONAL NAME | |
| Personal name | Mack, Maynard, |
| Dates associated with a name | 1909-2001, |
| Relator term | editor. |
| 9 (RLIN) | 29962 |
| 942 ## - ADDED ENTRY ELEMENTS (KOHA) | |
| Source of classification or shelving scheme | Dewey Decimal Classification |
| Koha item type | Book - Borrowing |
| Withdrawn status | Lost status | Source of classification or shelving scheme | Damaged status | Not for loan | Collection code | Home library | Current library | Shelving location | Date acquired | Source of acquisition | Cost, normal purchase price | Serial Enumeration / chronology | Total Checkouts | Full call number | Barcode | Date last seen | Price effective from | Koha item type |
|---|---|---|---|---|---|---|---|---|---|---|---|---|---|---|---|---|---|---|
| Dewey Decimal Classification | Baccah | Central Library | Central Library | Second Floor | 08/05/2012 | 420.00 | 15016 | 808.8 NOR | 000026774 | 15/07/2025 | 08/05/2012 | Book - Borrowing | ||||||
| Dewey Decimal Classification | Baccah | Central Library | Central Library | Second Floor | 08/05/2012 | 420.00 | 15016 | 808.8 NOR | 000026775 | 15/07/2025 | 08/05/2012 | Book - Borrowing | ||||||
| Dewey Decimal Classification | Baccah | Central Library | Central Library | Second Floor | 08/05/2012 | 420.00 | 15016 | 808.8 NOR | 000026776 | 15/07/2025 | 08/05/2012 | Book - Borrowing |